Campesinos, mercado y políticas públicas : (Registro nro. 5031)

Detalles MARC
000 -LEADER
fixed length control field 01210nam a2200265Ia 4500
003 - CONTROL NUMBER IDENTIFIER
control field OSt
005 - DATE AND TIME OF LATEST TRANSACTION
control field 20200504115213.0
008 - FIXED-LENGTH DATA ELEMENTS--GENERAL INFORMATION
fixed length control field 191128s2012 en ab gr 000 0dspa d
020 ## - INTERNATIONAL STANDARD BOOK NUMBER
International Standard Book Number 9786124102059
040 ## - CATALOGING SOURCE
Original cataloging agency CO-JMCR
Transcribing agency CO-JMCR
041 0# - LANGUAGE CODE
Language code of text/sound track or separate title spa
082 04 - DEWEY DECIMAL CLASSIFICATION NUMBER
Classification number 305.5633 /
Item number S116c
100 1# - MAIN ENTRY--PERSONAL NAME
Personal name Sabourin, Eric,
Relator term autor
9 (RLIN) 3837
245 10 - TITLE STATEMENT
Title Campesinos, mercado y políticas públicas :
Remainder of title una lectura por la reciprocidad /
Statement of responsibility, etc. Eric Sabourin
250 ## - EDITION STATEMENT
Edition statement Primera edición
260 ## - PUBLICATION, DISTRIBUTION, ETC.
Place of publication, distribution, etc. Lima :
Name of publisher, distributor, etc. Universidad Antonio Ruiz de Montoya,
Date of publication, distribution, etc. 2012
300 ## - PHYSICAL DESCRIPTION
Extent 518 páginas :
Other physical details mapas ;
Dimensions 21 cm.
490 0# - SERIES STATEMENT
Series statement Ética y desarrollo
504 ## - BIBLIOGRAPHY, ETC. NOTE
Bibliography, etc. note Incluye bibliografía.
505 ## - FORMATTED CONTENTS NOTE
Formatted contents note Elementos para una teoría de la reciprocidad en las ciencias sociales -- Organizaciones y sociedades campesinas -- Las organizaciones campesinas frente al mercado y al Estado
520 ## - SUMMARY, ETC.
Summary, etc. En el mundo actual existen formas de agricultura que, en conjunto con la agricultura empresarial, aún están fuertemente estructuradas por principios de agricultura campesina. Es innecesario decir que la reciprocidad continúa.
650 14 - SUBJECT ADDED ENTRY--TOPICAL TERM
Topical term or geographic name entry element Políticas públicas
9 (RLIN) 2118
650 24 - SUBJECT ADDED ENTRY--TOPICAL TERM
Topical term or geographic name entry element Organizaciones campesinas
9 (RLIN) 3838
942 ## - ADDED ENTRY ELEMENTS (KOHA)
Source of classification or shelving scheme Dewey Decimal Classification
Koha item type Books
Existencias
Withdrawn status Lost status Source of classification or shelving scheme Materials specified (bound volume or other part) Damaged status Not for loan Home library Current library Shelving location Date acquired Source of acquisition Cost, normal purchase price Total Checkouts Full call number Barcode Date last seen Copy number Price effective from Koha item type
    Dewey Decimal Classification Donación--15/04/2018--     Biblioteca Pública José María del Castillo y Rada Biblioteca Pública José María del Castillo y Rada General Stacks 11/28/2019 Donación 0.00   305.5633 / S116c 430001172 05/16/2024 Ej.1 11/28/2019 Books